000 00649nam a2200217Ia 4500
008 150520s9999 xx 000 0 und d
050 _aBF 698
050 _b.W746 2015
100 _aWilson, Tom Whittaker T.
245 _aLevels of self-esteem and personality types of selected gym goers of metro gym, Sta Rosa, Laguna /
245 _cTom Whittaker T. Wilson.
260 _aLas PiƱas, Philippines :
260 _bSISC,
260 _c2015.
300 _a86 pages :
300 _billustrations ;
300 _c28 cm.
500 _aIncludes bibliographical references and appendices.
650 _aPersonality
650 _aSelf-esteem
999 _c284106
_d284106